Golden State Warriors 2020s Top 10 Leaders - Statistics

General Stats
  • This quiz has been taken 501 times
    30 since last reset
  • The average score is 9 of 15
Answer Stats
Player % Correct
Draymond Green
100%
Klay Thompson
100%
Stephen Curry
100%
Kevon Looney
93%
Andrew Wiggins
75%
Brandin Podziemski
71%
Jordan Poole
71%
Jimmy Butler
68%
Gary Payton II
57%
Jonathan Kuminga
57%
Moses Moody
54%
Chris Paul
46%
Trayce Jackson-Davis
32%
Damion Lee
11%
Marquese Chriss
0%
No matching quizzes found
Score Distribution
Percent of People with Each Score
Percentile by Number Answered
Your Score History
You have not taken this quiz since the last reset